| Record ID | marc_records_scriblio_net/part08.dat:140801587:933 |
| Source | Scriblio |
| Download Link | /show-records/marc_records_scriblio_net/part08.dat:140801587:933?format=raw |
LEADER: 00933cam 2200277 i 4500
001 75034931
003 DLC
005 20010305161741.0
008 751119s1975 nju b 001 0 eng
010 $a 75034931
020 $a081555043X :$c$15.00
040 $aDLC$cDLC$dDLC
043 $ae-gr---
050 00 $aDF895$b.L43
082 00 $a939.1
100 1 $aLeekley, Dorothy.
245 10 $aArchaeological excavations in the Greek islands /$cby Dorothy Leekley, Robert Noyes.
260 $aPark Ridge, N.J. :$bNoyes Press,$cc1975.
300 $axiv, 130 p. ;$c25 cm.
504 $aBibliography: p. 117-120.
500 $aIncludes index.
650 0 $aExcavations (Archaeology)$zAegean Islands (Greece and Turkey)
650 0 $aExcavations (Archaeology)$zGreece$zIonian Islands.
651 0 $aAegean Islands (Greece and Turkey)$xAntiquities.
651 0 $aIonian Islands (Greece)$xAntiquities.
700 1 $aNoyes, Robert,$ejoint author.